000 00370nam a2200157Ia 4500
005 20250508071201.0
008 240331s9999 xx 000 0 und d
020 _a1876626518
082 _bSIV
_a894
100 _aSivagami,
245 0 _aKathaigal
260 _bMithra Publication
_c2003
300 _a143 p .,
500 _aA Collections of Short Stories
942 _cL
999 _c3774
_d3774